| 000 | 00801nam a22002297a 4500 | ||
|---|---|---|---|
| 003 | OSt | ||
| 005 | 20180503092804.0 | ||
| 008 | 180309b xxu||||| |||| 00| 0 spa d | ||
| 020 | _a8425906911 | ||
| 040 | _cPJ | ||
| 100 |
_9462 _aAvineri, Shlomo |
||
| 245 | 1 | 0 |
_aEl pensamiento social y político de Carlos Marx : _cShlomo Avineri; Versión española, notas y bibliografía adicional de Esteban Pinilla de las Heras. |
| 260 |
_aMadrid : _bCentro de Estudios Constitucionales, _c1983. |
||
| 300 |
_a350 p. _b21 cm. |
||
| 490 |
_aEstudios Políticos _v13 |
||
| 500 | _aCitas y notas bibliográficas a pie de página. | ||
| 504 | _aBibliografía: p. 345-350. | ||
| 600 | 0 |
_9463 _aMARX, KARL, 1818-1883 |
|
| 650 | 0 |
_9348 _aCIENCIAS POLITICAS |
|
| 650 | 0 |
_9394 _aDOCTRINAS POLITICAS |
|
| 942 |
_2udc _cLIB |
||
| 999 |
_c392 _d392 |
||